000 00318nam a2200121Ia 4500
008 190216s9999||||xx |||||||||||||| ||und||
100 _a"Krishnamoorthy, Ramamoorthy, And Rajagopalan"
245 0 _aModern Physics
250 _a3rd Ed.
260 _bNational Publishing House
_c1965
650 _aPhysics
942 _cBK
999 _c32697
_d32697